000 00479nam a2200169 i 4500
001 21320
003 ES-MaACL
005 20230906152447.0
007 t|
008 021125s1967 sp ||||1| spa d
100 1 _aAlberdi, Ricardo.
_919274
245 1 0 _aBalance de la planificación yugoslava /
_cRicardo Alberdi.
260 _a[S.l.] :
_bEthos,
_c[1967] (
_eIrún)
300 _a32 p. ;
_c32 cm.
500 _aEjemplar multicopista.
852 _aES-MaACL
_j2047-F-17
_bR.63724
999 _c21320
_d21320